| 000 | 01060nam a22002417a 4500 | ||
|---|---|---|---|
| 005 | 20251106102607.0 | ||
| 008 | 251105b |||||||| |||| 00| 0 eng d | ||
| 020 | _a978-9387791541 | ||
| 040 | _cAL | ||
| 041 | _aEnglish | ||
| 082 |
_a070.172 _bNAMH |
||
| 100 |
_aSuresh Nambath _9244191 |
||
| 245 | _aHindu book of editorials 2017 | ||
| 260 |
_aChennai _bTHG Publishing Private Limited _c2023 |
||
| 300 |
_a365 p. _bPB _c21x14 cm. |
||
| 365 |
_a695-2025/26 _b₹200.00 _c₹ _d₹250.00 _e20% _f07-10-2025 |
||
| 440 |
_aThe Hindu Series _9244141 |
||
| 520 | _aThis book features a selection of editorials that were published in the editorial pages of India's national newspaper , The Hindu, in the year 2017. The selection spans a variety of topics ranging from politics, governanceand civil society, to media, health and education, and offers the reader a perspective of the key events of 2017 that have a continuing relevance. | ||
| 650 |
_aHindu _9244142 |
||
| 650 |
_aInstant News _9244143 |
||
| 650 |
_apublic importance _9244144 |
||
| 942 |
_2ddc _cBK |
||
| 999 |
_c240671 _d240671 |
||